01609nam a2200373 a 4500001001000000003000500010005001700015008004100032010001100073011001100084040000900095090001000104100003900114245012300153260004100276500006000317502009200377590004100469590004100510590004000551590004000591590004000631650004400671650005200715650003500767650005500802856007000857901000700927942001000934942000600944999001900950952013100969952013501100000113738CHAP20220329144410.0170913s2017 mx a fsm |||||||spa d a110199 a111171 cCHAP aTesis1 aLarios Guzmán, Alejandra913337610aAnálisis comparativo de diferentes tarjetas de crédito en México /h[En línea]cpor Alejandra Larios Guzmán. aChapingo, Méx. :bEl autor,c2017. aPara ver el contenido del material haga clic en la liga aTesis (Lic. en Economía ) -- UACH. División de Ciencias Económico Administrativas aBATCH-UPDb05c20170913lUCH01h1415 aBATCH-UPDb05c20170914lUCH01h0949 aE8697GMMb05c20170913lUCH01h1136 aE8697GMMb05c20170913lUCH01h1414 aE8697GMMb05c20170914lUCH01h094814aAhorro e inversiónzMéxico.913337414aBancos y operaciones bancariaszMéxico.9992614aEconomía financiera.912777014aTarjetas de crédito bancariaszMéxico.9133375 aFinding aiduhttp://10.13.5.2/tesis/sist113738.pdfzTeclea aquí aBK cTESIS n0 c110199d110199 00104054718TESISaBCbBCd2017-09-13fTESISl0oTesisp113739-10r2019-12-31 00:00:00w2019-12-31yTESISzRecien adquirido 00102local4053708TESISaBCbBCcPA_TESISd2017-09-13fTESISl0oTesisp113739-20r2019-12-31 00:00:00tc.2w2019-12-31yTESIS